Lawyers that sell houses (Record no. 65189)

MARC details
000 -LEADER
fixed length control field 01123cam a2200229 4500
001 - CONTROL NUMBER
control field ABS63025
008 - FIXED-LENGTH DATA ELEMENTS--GENERAL INFORMATION
fixed length control field 000000n2000 000 0 eng u
035 ## - SYSTEM CONTROL NUMBER
System control number (Sirsi) u109193
100 ## - MAIN ENTRY--PERSONAL NAME
Personal name Stimpson, R.
245 ## - TITLE STATEMENT
Title Lawyers that sell houses
260 ## - PUBLICATION, DISTRIBUTION, ETC.
Date of publication, distribution, etc. 2000
490 ## - SERIES STATEMENT
Series statement Estates Gazette
Volume/sequential designation (0041) 4 November 2000, 142-143(2)
520 ## - SUMMARY, ETC.
Summary, etc. Looks at solicitors' property centres, which first appeared in Scotland during the late 1960s and 1970s. Cutting out the estate agent, these offer a low-cost, low-pressure service. The hard-sell approach is purposefully avoided. In Edinburgh 92% of homeowners now choose the Edinburgh Solicitors' Property Centre (ESPC) when selling up and moving on. Describes the services offered by ESPC. Suggests this massive change in the Edinburgh property market will soon spread south of the border.
590 ## - LOCAL NOTE (RLIN)
Local note ABS
650 ## - SUBJECT ADDED ENTRY--TOPICAL TERM
Topical term or geographic name entry element ESTATE AGENTS
650 ## - SUBJECT ADDED ENTRY--TOPICAL TERM
Topical term or geographic name entry element SOLICITORS
650 ## - SUBJECT ADDED ENTRY--TOPICAL TERM
Topical term or geographic name entry element SOLICITORS PROPERTY CENTRES
650 ## - SUBJECT ADDED ENTRY--TOPICAL TERM
Topical term or geographic name entry element EDINBURGH SOLICITORS PROPERTY CENTRE
650 ## - SUBJECT ADDED ENTRY--TOPICAL TERM
Topical term or geographic name entry element SCOTLAND
690 ## - LOCAL SUBJECT ADDED ENTRY--TOPICAL TERM (OCLC, RLIN)
Topical term or geographic name as entry element PROPERTY-RESIDENTIAL PROPERTY-RESIDENTIAL PROPERTY MARKET
942 ## - ADDED ENTRY ELEMENTS (KOHA)
Suppress in OPAC 0
Holdings
Withdrawn status Lost status Source of classification or shelving scheme Damaged status Not for loan Home library Current library Shelving location Date acquired Total Checkouts Full call number Barcode Date last seen Copy number Price effective from Koha item type
    Dewey Decimal Classification     London London Journal article 07/11/2000   ABS63025 109193-1001 06/08/2019 1 06/08/2019 Journal article